Actos de homenaje a Adriano Irala Burgos /

Tallennettuna:
Bibliografiset tiedot
Päätekijä: Martini, Carlos
Aineistotyyppi: Teksti
Tagit: Lisää tagi
Ei tageja, Lisää ensimmäinen tagi!

MARC

LEADER 00000 a a2200000 04500
001 41871
003
040
100 |a Martini, Carlos  
245 |a Actos de homenaje a Adriano Irala Burgos /  |c Carlos Martini  
773 |g volumen40, número116 (Enero-Abril, 2003), páginas 115-116  
999 |c 23941  |d 23941